personnes politiques à reconnaitre - Statistiques

Statistiques générales
  • Ce quiz a été pris 29 fois
  • Le résultat moyen est 6 sur 16
Statistiques - réponses
Par images Réponse % Correct
Georges Pompidou
93%
Martine Aubry
71%
Robert Badinter
64%
Georges Marchais
50%
Pierre Bérégovoy
50%
Philippe Séguin
39%
Charles Pasqua
36%
Arlette Laguiller
32%
Jean Pierre Chevenement
29%
Claude Allègre
25%
François leotard
25%
Alain Poher
14%
Andre Lajoinie
14%
Françoise Giroud
14%
Roland Dumas
14%
Michel Charasse
11%
Aucun quiz correspondant
Distribution des résultats
% des personnes avec chaque résultat
Percentile par nombre de réponses
Votre historique - résultats
Vous n’avez pas pris ce quiz